Autogénny tréning Rukoväť
Saved in:
| Main Author: | |
|---|---|
| Other Authors: | , |
| Format: | Book |
| Language: | Slovak |
| Published: |
Bratislava
Psychodiagnostické a didaktické testy
1989
|
| Edition: | 1. vyd. |
| Tags: |
No Tags, Be the first to tag this record!
|
MARC
| LEADER | 00000nam a2200000 4500 | ||
|---|---|---|---|
| 001 | c030453 | ||
| 005 | 20250107125313.9 | ||
| 041 | 0 | |a slo | |
| 044 | |a SK | ||
| 245 | 1 | 0 | |a Autogénny tréning |b Rukoväť |c Werner König, Gerhard Pol di, Gerhard Schaeffer ; [Z nem. prel.] Igor Obuch |
| 250 | |a 1. vyd. | ||
| 264 | 1 | |a Bratislava |b Psychodiagnostické a didaktické testy |c 1989 | |
| 300 | |a 208 s. |e 27 s. príl. | ||
| 100 | 1 | |a König, Werner | |
| 700 | 1 | |a Pol di, Gerhard | |
| 700 | 1 | |a Schaeffer, Gerhard | |